Score 0/150 Timer 15:00
0 Plays Today
Rank Structure % Correct
1.Empire State Building
98%
2.White House
89.9%
7.Lincoln Memorial
81.8%
12.Washington Monument
81.8%
5.Golden Gate Bridge
76.8%
6.United States Capitol
76.8%
9.Chrysler Building
70.7%
4.Thomas Jefferson Memorial
68.7%
42.Willis Tower
56.6%
14.Gateway Arch
55.6%
17.Metropolitan Museum of Art
42.4%
10.Vietnam Veterans Memorial
41.4%
15.Supreme Court of the United States
39.4%
19.World Trade Center
39.4%
20.Brooklyn Bridge
39.4%
13.Grand Central Terminal
32.3%
146.Museum of Modern Art
32.3%
28.Library of Congress
30.3%
29.Fallingwater/Edgar J. Kaufmann Sr. Residence
29.3%
8.Biltmore Estates/Vanderbilt Residence
28.3%
74.Guggenheim Museum
28.3%
72.Flatiron Building
25.3%
3.Washington National Cathedral
24.2%
27.Monticello
24.2%
31.Wrigley Field
23.2%
84.Yankee Stadium (1923)
22.2%
113.Fenway Park
21.2%
142.John Hancock Tower
21.2%
56.Rockefeller Center
20.2%
22.Bellagio Hotel and Casino
19.2%
47.New York Public Library
19.2%
11.St. Patrick's Cathedral
17.2%
21.Philadelphia City Hall
17.2%
143.(Old) Pennsylvania Station
17.2%
37.Union Station
16.2%
40.Union Station
16.2%
64.Faneuil Hall Marketplace
16.2%
75.Union Station
16.2%
110.Union Station
16.2%
127.Union Station
16.2%
24.Philadelphia Museum of Art
15.2%
44.Woolworth Building
14.1%
34.National Gallery of Art (West Wing)
13.1%
36.Old Faithful Inn
13.1%
61.Transamerica Pyramid
12.1%
138.Robie House
12.1%
25.Trinity Church
11.1%
30.Taliesin
11.1%
63.Smithsonian National Air & Space Museum
11.1%
46.Waldorf Astoria
10.1%
Rank Structure % Correct
48.Carnegie Hall
10.1%
81.The Plaza Hotel
10.1%
122.Camden Yards
10.1%
86.Lincoln Center
9.1%
111.United Nations Headquarters
9.1%
124.United States Holocaust Museum
9.1%
18.Hotel Del Coronado
8.1%
115.TWA Terminal, John F. Kennedy Airport
8.1%
123.Taliesin West
8.1%
51.Cadet Chapel, Air Force Academy
7.1%
87.The Dakota Apartments
7.1%
16.St. Regis
6.1%
95.Getty Center
6.1%
100.Radio City Music Hall
6.1%
107.IDS Center
6.1%
23.Cathedral of St. John the Divine
5.1%
38.Tribune Tower
5.1%
49.San Francisco City Hall
5.1%
52.Field Museum of Natural History
5.1%
57.Denver International Airport
5.1%
60.Thorncrown Chapel
5.1%
65.Crystal Cathedral
5.1%
67.Nebraska State Capitol
5.1%
68.New York Times Building
5.1%
88.Art Institute of Chicago
5.1%
90.Boston Public Library
5.1%
41.Hearst Residence
4%
45.Cincinnati Union Terminal
4%
53.Apple, 5th Avenue
4%
54.Furness Library, University of Pennsylvania
4%
59.Milwaukee Art Museum
4%
80.Phillips Exeter Academy Library
4%
82.Sofitel
4%
91.Hollywood Bowl
4%
105.Time Warner Center
4%
108.Seattle Central Library
4%
125.Citicorp Center
4%
128.Rookery Building
4%
134.Astrodome
4%
141.Apple, SoHo
4%
26.Ahwahnee Hotel
3%
35.Allegheny County Courthouse
3%
77.Sever Hall, Harvard University
3%
92.Texas State Capitol
3%
96.High Museum
3%
99.Disney Concert Hall
3%
101.Paul Brown Stadium
3%
103.Hyatt Regency Atlanta
3%
109.San Francisco Museum of Modern Art
3%
112.National Building Museum
3%
Rank Structure % Correct
117.Walker Art Center
3%
135.Safeco Field
3%
136.Corning Museum of Glass
3%
137.30th Street Station
3%
144.Hyatt Regency
3%
149.David S. Ingalls Rink, Yale University
3%
33.Rose Center for Earth and Space
2%
50.Virginia State Capitol
2%
66.Gamble House
2%
69.Salt Lake City Public Library
2%
71.Hearst Tower
2%
73.Lake Point Tower
2%
85.Harold Washington Library
2%
89.Fairmont Hotel
2%
97.Federal Building and United States Courthouse
2%
102.United Airlines Terminal, O'Hare Airport
2%
104.AT&T Park
2%
116.The Athenaeum
2%
121.San Francisco International Airport
2%
131.Aline Barnsdall Hollyhock House
2%
32.Wanamaker's Department Store
1%
39.Delano Hotel
1%
43.Thomas Crane Public Library
1%
55.Mauna Kea Beach Hotel
1%
58.Ames Free Library
1%
62.333 Wacker Drive
1%
70.Walt Disney World Dolphin and Swan Hotels
1%
76.Willard Hotel
1%
78.Broadmoor Hotel
1%
79.Ronald Reagan Building
1%
83.Glessner House
1%
93.Fontainebleau
1%
94.Legal Research Building, University of Michigan
1%
98.Humana Building
1%
106.Washington Metro
1%
114.Dana-Thomas House
1%
118.American Airlines Center
1%
119.Arizona Biltmore Resort and Spa
1%
120.Los Angeles Central Library
1%
126.V. C. Morris Gift Shop/Xanadu Gallery
1%
129.Frederick R. Weisman Museum of Art
1%
130.Douglas House
1%
132.Pennzoil Place
1%
133.Royalton Hotel
1%
139.Williams Tower
1%
140.Stahl House
1%
145.Carson, Pirie, Scott and Company Building
1%
147.Auditorium Building
1%
148.Brown Palace Hotel
1%
150.Battle Hall, University of Texas
1%
Remove Ads.
Support Sporcle.
Get the best of Sporcle when you Go Orange. This ad-free experience offers more features, more stats, and more fun while also helping to support Sporcle. Thank you for becoming a member.

You're not logged in!

Compare scores with friends on all Sporcle quizzes.
OR
Log In

Show Comments

Extras

Top Quizzes Today


Score Distribution

Your Account Isn't Verified!

In order to create a playlist on Sporcle, you need to verify the email address you used during registration. Go to your Sporcle Settings to finish the process.

Report this User

Report this user for behavior that violates our Community Guidelines.

Details: